[Event "Brno Trade op-A"]
[Site "Brno"]
[Date "2005.08.29"]
[Round "2"]
[White "Kopkan, Pavel"]
[Black "Zeleny, Tomas"]
[Result "0-1"]
[WhiteElo "2026"]
[BlackElo "2267"]
[PlyCount "55"]
[EventDate "2005.08.28"]
[EventType "swiss"]
[EventRounds "9"]
[EventCountry "CZE"]
[SourceTitle "CBM 108 Extra"]
[Source "ChessBase"]
[SourceDate "2005.11.04"]
[SourceVersion "1"]
[SourceVersionDate "2005.11.04"]
[SourceQuality "1"]

1. e4 c5 2. b4 cxb4 3. a3 e6 4. f4 Qc7 5. d4 Nf6 6. Bd3 b6 7. Nf3 Bb7 8. Qe2 Be7 9. Bd2 bxa3 10. c4 d6 11. e5 Nfd7 12. 0-0 0-0 13. Nxa3 a6 14. Bb4 Re8 15. Ng5 Nf8 16. Nxf7 Kxf7 17. Bxh7 Nxh7 18. Qh5+ Kg8 19. Qxe8+ Nf8 20. d5 Nc6 21. Qh5 Nxb4 22. f5 dxe5 23. fxe6 Bf6 24. Rab1 Nxd5 25. cxd5 Bxd5 26. Rxf6 gxf6 27. Qg4+ Qg7 28. Qe2 0-1